00615nam a2200181 a 450000100100000000500170001000800410002702000180006804000250008608200170011110000180012824500330014626000730017930000360025250000740028860000520036265000190041400003690720240510073819.0120206s2012 dr ac 000 0 spa d a9789945005271 aDO-SdBNPbspacBNPHU a271.9bV468t1 aVentura, Abel10aThelma una pastora ejemplar. aSan Francisco de Macorís, República Dominicana :b[s.n.],c2012. a148 p. :bil., retrs. ;c23 cm. aLa biblioteca posee tres (3) ejemplares autografíados por el autor.14aDILONÉ DE VENTURA, THELMA CARIDAD,d1929-2004 0aVida cristiana